| 000 | 00713nam a22002297a 4500 | ||
|---|---|---|---|
| 005 | 20170124110119.0 | ||
| 010 | _aA-370508 | ||
| 020 | _c00.00 | ||
| 035 | _aA-370508 | ||
| 037 | _bCen Lib/Ret | ||
| 040 |
_aDPL _bEN |
||
| 082 |
_a921 _bNEH |
||
| 100 |
_aNehru, Jawaharlal _930379 |
||
| 245 |
_aJawaharlal Nehru : _cby Jawaharlal Nehru _ban autobiography / |
||
| 260 |
_aNew Delhi _bJawaharlal Nehru Memorial Fund _c1988 |
||
| 270 |
_aTeen, Murti House _bNew Delhi _e110001 |
||
| 300 |
_axvi,623p. _c20cm(Hb) |
||
| 500 | _aIncludes index | ||
| 650 |
_aIndia -- Politics and government -- 1919-1947 _9104404 |
||
| 650 |
_aPolitics and government _9104405 |
||
| 942 |
_2ddc _cEN _h921 _mNEH |
||
| 999 |
_c130901 _d130901 |
||